000 00232nam a22000977a 4500
999 _c522528
_d522528
082 _aTNC
100 _aRamachandran, K S
_937727
245 _aGulf war and enviromental problems
260 _aNew Delhli
_bAshish
_c1991
300 _a318p.